| 000 | 00521nab a2200157Ia 4500 | ||
|---|---|---|---|
| 003 | ES-SlBCS | ||
| 005 | 20210601133736.0 | ||
| 008 | 140529s2003 xxu||||| |||| 00| 0 por d | ||
| 041 | _apor | ||
| 100 | 1 |
_aNetto de Andrade, Luiz Felipe _9209056 |
|
| 245 | 0 | 0 |
_aO problema da guerra na política de Rousseau _c Luiz Felipe Netto De Andrade, Silva Sahd |
| 600 | 1 | 4 |
_aRousseau-Guerra _9209070 |
| 700 | 1 |
_aSahd, Silva _9209071 |
|
| 773 | 0 |
_tEducaçao e Filosofia _gvol. 17, nº. 33, 2003, págs. 111-138 _wRev1534 |
|
| 942 | _cAR | ||
| 999 |
_c601406 _d601406 |
||